Fireworks, chemicals, and risks (Record no. 68160)

MARC details
000 -LEADER
fixed length control field 01236cam a2200277 4500
001 - CONTROL NUMBER
control field ABS64425
008 - FIXED-LENGTH DATA ELEMENTS--GENERAL INFORMATION
fixed length control field 010905n2001 000 0 eng u
035 ## - SYSTEM CONTROL NUMBER
System control number (Sirsi) u114435
100 ## - MAIN ENTRY--PERSONAL NAME
Personal name Walker, G
245 ## - TITLE STATEMENT
Title Fireworks, chemicals, and risks
260 ## - PUBLICATION, DISTRIBUTION, ETC.
Date of publication, distribution, etc. 2001
490 ## - SERIES STATEMENT
Series statement Town & Country Planning
Volume/sequential designation 70(7/8) July/August 2001, 204-207(4)
520 ## - SUMMARY, ETC.
Summary, etc. Studies the role of land use planning in ensuring the public are safe from potentially hazardous materials stored or used on sites in inappropriate locations such as residential areas. Looks at disasters such as Bhopal and Enschede which show the need for regulatory responses and legislation that is already in place. Land use planners need to balance the costs and benefits of protecting public safety and risk perception, assessment and management.
590 ## - LOCAL NOTE (RLIN)
Local note ABS
650 ## - SUBJECT ADDED ENTRY--TOPICAL TERM
Topical term or geographic name entry element LAND USE PLANNING
650 ## - SUBJECT ADDED ENTRY--TOPICAL TERM
Topical term or geographic name entry element PLANNING AUTHORITIES
650 ## - SUBJECT ADDED ENTRY--TOPICAL TERM
Topical term or geographic name entry element PUBLIC SAFETY
650 ## - SUBJECT ADDED ENTRY--TOPICAL TERM
Topical term or geographic name entry element RISKS
650 ## - SUBJECT ADDED ENTRY--TOPICAL TERM
Topical term or geographic name entry element DIRECTIVE 96/82/EC
650 ## - SUBJECT ADDED ENTRY--TOPICAL TERM
Topical term or geographic name entry element CONTROL OF MAJOR-ACCIDENT HAZARDS REGULATIONS 1999
650 ## - SUBJECT ADDED ENTRY--TOPICAL TERM
Topical term or geographic name entry element COMAH REGULATIONS
650 ## - SUBJECT ADDED ENTRY--TOPICAL TERM
Topical term or geographic name entry element DANGEROUS SUBSTANCES
650 ## - SUBJECT ADDED ENTRY--TOPICAL TERM
Topical term or geographic name entry element HAZARDS
690 ## - LOCAL SUBJECT ADDED ENTRY--TOPICAL TERM (OCLC, RLIN)
Topical term or geographic name as entry element ENVIRONMENTAL AND LAND CONSULTANCY-PLANNING AND DEVELOPMENT
942 ## - ADDED ENTRY ELEMENTS (KOHA)
Suppress in OPAC 0
Holdings
Withdrawn status Lost status Source of classification or shelving scheme Damaged status Not for loan Home library Current library Shelving location Date acquired Total Checkouts Full call number Barcode Date last seen Copy number Price effective from Koha item type
    Dewey Decimal Classification     London London Journal article 05/09/2001   ABS64425 114435-1001 06/08/2019 1 06/08/2019 Journal article